Catálogo

EVALUACION Y EXCLUSION EN LA ENSEÑANZA UNIVERSITARIA (Registro nro. 39947)

Detalles MARC
000 -LEADER
fixed length control field 01059nam a2200205 a 4500
001 - CONTROL NUMBER
control field 39947
005 - DATE AND TIME OF LATEST TRANSACTION
control field 20180714013647.0
008 - FIXED-LENGTH DATA ELEMENTS--GENERAL INFORMATION
fixed length control field 140415s2001 mx 000 0 spa d
020 ## - INTERNATIONAL STANDARD BOOK NUMBER
International Standard Book Number 968853465X
041 ## - LANGUAGE CODE
Language code of text/sound track or separate title spa
082 ## - DEWEY DECIMAL CLASSIFICATION NUMBER
Classification number 379.158
Item number GLA
100 1# - MAIN ENTRY--PERSONAL NAME
Personal name GLAZMAN NOWALSKI, RAQUEL
245 10 - TITLE STATEMENT
Title EVALUACION Y EXCLUSION EN LA ENSEÑANZA UNIVERSITARIA
250 ## - EDITION STATEMENT
Edition statement 1a ed.
260 ## - PUBLICATION, DISTRIBUTION, ETC.
Place of publication, distribution, etc. MEXICO :
Name of publisher, distributor, etc. PAIDOS IBERICA,
Date of publication, distribution, etc. 2001
300 ## - PHYSICAL DESCRIPTION
Extent 191
Dimensions x 16 x 22
490 ## - SERIES STATEMENT
Series statement PAIDÓS EDUCADOR
520 ## - SUMMARY, ETC.
Summary, etc. ESTE LIBRO HABLA ACERCA DE LA EVALUACION, DEL PLAN DE ESTUDIOS, DE LOS PROCESOS EDUCATIVOS, DE LOS PROGRAMAS DE INVESTIGACION Y DOCENCIA, DEL DESEMPEÑO DE DOCENTES E INVESTIGADORES; ES UN TEMA CADA VES MAS PRESENTE EN LA VIDA UNIVERSITARIA. EN ESTA OBRA SE SOSTIENE QUE MEDIANTE LA PRACTICA DE EVALUAR Y A MANERA DE UN CURRICULUM OCULTO. LA EVALUACION ESTA SIRVIENDO PARA EXCLUIR Y DESCALIFICAR, EN UNA SUTIL INTERVENCION QUE TRASGREDE EN SU ESENCIA LOS PRINCIPIOS DE LA AUTONOMIA UNIVERSIT
650 14 - SUBJECT ADDED ENTRY--TOPICAL TERM
Topical term or geographic name entry element EDUCACION
General subdivision EVALUACION
-- UNIVERSIDADES
Existencias
Withdrawn status Lost status Source of classification or shelving scheme Damaged status Not for loan Collection code Home library Current library Shelving location Date acquired Source of acquisition Inventory number Total Checkouts Full call number Barcode Date last seen Price effective from Koha item type
    Dewey Decimal Classification     General Biblioteca Karol Wojtyla Biblioteca Karol Wojtyla Sala general 03/12/2013 Compra 151000000000000000045207   379.158 GLA 59974 05/01/2026 03/12/2013 Libro